[Event "American Cup Champ w"]
[Site "Saint Louis USA"]
[Date "2022.04.20"]
[Round "1.1"]
[White "Nemcova, Katerina"]
[Black "Tokhirjonova, Gulrukhbegim"]
[Result "0-1"]
[WhiteTitle "WGM"]
[BlackTitle "WGM"]
[WhiteElo "2335"]
[BlackElo "2335"]
[WhiteFideId "322750"]
[BlackFideId "14203626"]
[EventDate "2022.04.20"]
[EventType "k.o."]

1. d4 Nf6 2. Nf3 g6 3. e3 Bg7 4. Be2 d5 5. O-O O-O 6. b3 c5 7. Bb2 cxd4 8. exd4
Nc6 9. Nbd2 Bf5 10. a3 Ne4 11. c4 Nxd2 12. Qxd2 Na5 13. Qe3 Qb6 14. Nd2 dxc4 15.
b4 Rad8 16. Ra2 Nc6 17. Nxc4 Bxd4 18. Nxb6 Bxe3 19. fxe3 axb6 20. b5 Rd2 21. Bc4
Na5 22. Bc3 Rxa2 23. Bxa2 Bd3 24. Rd1 Bxb5 25. Rb1 Bc4 26. Bxa5 Bxa2 27. Rxb6
Bd5 28. Rb5 Bc6 29. Rb2 f5 30. Rd2 Rf6 31. Rd8+ Kf7 32. Rh8 h5 33. Bb4 Re6 34.
Kf2 Re4 35. g3 Kg7 36. Bc3+ e5 37. Rd8 Kf7 38. h4 f4 39. exf4 exf4 40. Bb4 fxg3+
41. Kxg3 Rg4+ 42. Kh3 Bg2+ 43. Kh2 Be4 44. Be1 Rg2+ 45. Kh3 Re2 46. Bb4 Bf5+ 47.
Kg3 Re3+ 48. Kf2 Re4 49. Rb8 Rxh4 50. Rxb7+ Ke6 51. a4 Rf4+ 52. Kg3 g5 53. Rb6+
Kd5 54. Rb5+ Ke4 55. Bd2 h4+ 56. Kg2 h3+ 57. Kg1 h2+ 58. Kxh2 Rf2+ 59. Kg3 Rxd2
60. a5 Rd3+ 61. Kf2 Kf4 0-1

[Event "American Cup Champ w"]
[Site "Saint Louis USA"]
[Date "2022.04.20"]
[Round "1.1"]
[White "Tsolakidou, Stavroula"]
[Black "Lee, Alice"]
[Result "1/2-1/2"]
[WhiteTitle "IM"]
[BlackTitle "FM"]
[WhiteElo "2359"]
[BlackElo "2334"]
[WhiteFideId "4264312"]
[BlackFideId "30941822"]
[EventDate "2022.04.20"]
[EventType "k.o."]

1. d4 d5 2. c4 e6 3. Nf3 dxc4 4. e3 Nf6 5. Bxc4 c5 6. O-O a6 7. Bd3 Nbd7 8. Re1
Be7 9. e4 b5 10. e5 Nd5 11. Nc3 Bb7 12. Ne4 h6 13. a4 c4 14. Bf1 O-O 15. Bd2 Qc7
16. axb5 axb5 17. Rxa8 Rxa8 18. Qc1 Bf8 19. Qc2 Bc6 20. h4 Nb4 21. Qb1 Qb7 22.
h5 Be7 23. Nh2 Qa7 24. Ng4 Qxd4 25. Bc3 Qa7 26. Nef6+ gxf6 27. Nxh6+ Kg7 28.
exf6+ Bxf6 29. Nxf7 Nd3 30. Bxd3 Kxf7 31. Bxc4 bxc4 32. Qh7+ Ke8 33. Rxe6+ Kd8
34. Rxc6 Be7 35. h6 Qb8 36. Qg8+ Nf8 37. Qd5+ Ke8 38. Be5 Qd8 39. Qxd8+ Rxd8 40.
Rxc4 Kf7 41. Rg4 Ng6 42. Bc3 Rd1+ 43. Kh2 Rd5 44. g3 Rh5+ 45. Kg2 Rxh6 46. Re4
Rh5 47. f4 Rb5 48. Kf3 Bd6 49. Rd4 Ke6 50. Ke4 Ke7 51. Ra4 Nf8 52. Ra7+ Nd7 53.
Kf3 Rb3 54. Ra4 Nb6 55. Re4+ Kf7 56. Rd4 Ba3 57. Ke4 Bxb2 58. Bxb2 Rxb2 59. g4
Re2+ 60. Kf3 Re7 61. g5 Rd7 62. Re4 Rd3+ 63. Kg4 Nd5 64. f5 Rd1 65. Re5 Rd4+ 66.
Kf3 Ne7 67. g6+ Nxg6 68. fxg6+ Kxg6 69. Re4 Rxe4 70. Kxe4 1/2-1/2

[Event "American Cup Champ w"]
[Site "Saint Louis USA"]
[Date "2022.04.20"]
[Round "1.1"]
[White "Zatonskih, Anna"]
[Black "Abrahamyan, Tatev"]
[Result "1-0"]
[WhiteTitle "IM"]
[BlackTitle "WGM"]
[WhiteElo "2393"]
[BlackElo "2311"]
[WhiteFideId "14101572"]
[BlackFideId "13301918"]
[EventDate "2022.04.20"]
[EventType "k.o."]

1. d4 Nf6 2. c4 e6 3. Nc3 Bb4 4. e3 O-O 5. Bd2 c5 6. a3 Bxc3 7. Bxc3 Ne4 8. Rc1
d6 9. Nf3 Nd7 10. Bd3 Ndf6 11. O-O Nxc3 12. Rxc3 Qe7 13. Ng5 e5 14. dxc5 dxc5
15. Qb1 g6 16. Ne4 Nd7 17. Rc2 f5 18. Nc3 Nf6 19. Nd5 Nxd5 20. cxd5 Bd7 21. b4
cxb4 22. axb4 e4 23. Bc4 Kg7 24. Rd1 Rfc8 25. d6 Qf6 26. Qa2 Rc6 27. Rcd2 Rb6
28. Qa5 Rc8 29. Bf1 Rcc6 30. b5 Rxd6 31. Qxa7 Rxd2 32. Rxd2 Be8 33. Rd4 Kh6 34.
Qa5 Kg7 35. h4 Re6 36. g3 Rd6 37. Qc7+ 1-0

[Event "American Cup Champ w"]
[Site "Saint Louis USA"]
[Date "2022.04.21"]
[Round "1.2"]
[White "Tokhirjonova, Gulrukhbegim"]
[Black "Nemcova, Katerina"]
[Result "1/2-1/2"]
[WhiteTitle "WGM"]
[BlackTitle "WGM"]
[WhiteElo "2335"]
[BlackElo "2335"]
[WhiteFideId "14203626"]
[BlackFideId "322750"]
[EventDate "2022.04.20"]
[EventType "k.o."]

1. d4 Nf6 2. c4 e6 3. Nc3 d5 4. Nf3 a6 5. cxd5 exd5 6. Bg5 Be7 7. e3 c6 8. Qc2
O-O 9. Bd3 Nbd7 10. O-O Re8 11. h3 h6 12. Bf4 Bf8 13. Rad1 Qe7 14. Ne5 Nxe5 15.
Bxe5 Nd7 16. Bg3 Nf6 17. Be5 Nd7 18. Bg3 Nf6 19. Be5 Nd7 1/2-1/2

[Event "American Cup Champ w"]
[Site "Saint Louis USA"]
[Date "2022.04.21"]
[Round "1.2"]
[White "Lee, Alice"]
[Black "Tsolakidou, Stavroula"]
[Result "1/2-1/2"]
[WhiteTitle "FM"]
[BlackTitle "IM"]
[WhiteElo "2334"]
[BlackElo "2359"]
[WhiteFideId "30941822"]
[BlackFideId "4264312"]
[EventDate "2022.04.20"]
[EventType "k.o."]

1. d4 Nf6 2. c4 e6 3. Nc3 Bb4 4. e3 O-O 5. Bd3 d5 6. a3 Bxc3+ 7. bxc3 dxc4 8.
Bxc4 c5 9. Ne2 Qc7 10. Ba2 Rd8 11. O-O e5 12. Bb2 Nc6 13. Qc2 Qe7 14. Rad1 Be6
15. dxe5 Bxa2 16. exf6 Qxf6 17. c4 Qe6 18. Rc1 Qxc4 19. Qxc4 Bxc4 20. Rxc4 Rd2
21. Rb1 Rxe2 22. Kf1 Rd2 23. Rxc5 Rad8 24. Rg5 g6 25. Rc5 R8d7 26. g4 Kf8 27.
Bf6 Rd1+ 28. Rxd1 Rxd1+ 29. Ke2 Rd6 30. g5 h5 31. e4 Ke8 32. f4 b6 33. Rc4 Kd7
34. f5 Na5 35. Rc3 Rc6 36. Rd3+ Kc7 37. Be5+ Kc8 38. fxg6 fxg6 39. Rf3 Re6 40.
Bc3 Rxe4+ 41. Kd3 Rg4 42. Rf8+ Kd7 43. Rf7+ Ke8 44. Rxa7 Rxg5 45. Ra6 Rd5+ 46.
Ke4 Rb5 47. Bxa5 bxa5 48. Rxg6 Rb2 49. Rg5 Rxh2 50. Rxa5 Kd7 51. Kf3 Kc6 52. Kg3
Ra2 53. Rxh5 Rxa3+ 54. Kg4 Rd3 55. Re5 Rd5 56. Rxd5 Kxd5 1/2-1/2

[Event "American Cup Champ w"]
[Site "Saint Louis USA"]
[Date "2022.04.21"]
[Round "1.2"]
[White "Abrahamyan, Tatev"]
[Black "Zatonskih, Anna"]
[Result "1-0"]
[WhiteTitle "WGM"]
[BlackTitle "IM"]
[WhiteElo "2311"]
[BlackElo "2393"]
[WhiteFideId "13301918"]
[BlackFideId "14101572"]
[EventDate "2022.04.20"]
[EventType "k.o."]

1. e4 e5 2. Nf3 Nf6 3. d4 Nxe4 4. Bd3 d5 5. Nxe5 Nd7 6. Nc3 Nxc3 7. bxc3 Bd6 8.
O-O O-O 9. Re1 c5 10. Qf3 Nf6 11. Bg5 c4 12. Bf5 Be7 13. Bxc8 Rxc8 14. Bxf6 Bxf6
15. Ng4 Rc6 16. Rab1 Qd7 17. g3 Rd6 18. Re2 b6 19. Rbe1 Bd8 20. Ne3 Bg5 21. Ng2
g6 22. Nf4 Bxf4 23. Qxf4 Re6 24. Rxe6 fxe6 25. Qe3 Re8 26. Qe5 Qf7 27. Re3 Qd7
28. h4 Qf7 29. Kg2 Qg7 30. Qg5 Qe7 31. Qg4 Qf6 32. Rf3 Qg7 33. h5 gxh5 34. Qxh5
Rf8 35. Re3 Rf6 36. Qe5 Qf7 37. f4 h6 38. Qd6 Rg6 39. Qe5 Rf6 40. Kf2 Qg6 41.
Kf3 Kg7 42. Re2 h5 43. Rh2 Qg4+ 44. Kf2 Qf5 45. Rxh5 Qxc2+ 46. Kg1 Qb1+ 47. Kh2
Qe4 48. Rg5+ Kf8 49. Qd6+ Kf7 50. Qd7+ Kf8 51. Qd8+ Kf7 52. Qg8+ Ke7 53. Rg7+
Kd6 54. Qd8+ Kc6 55. Qd7# 1-0

[Event "American Cup Champ w"]
[Site "Saint Louis USA"]
[Date "2022.04.21"]
[Round "1.3"]
[White "Lee, Alice"]
[Black "Tsolakidou, Stavroula"]
[Result "1-0"]
[WhiteTitle "FM"]
[BlackTitle "IM"]
[WhiteElo "2334"]
[BlackElo "2359"]
[WhiteFideId "30941822"]
[BlackFideId "4264312"]
[EventDate "2022.04.20"]
[EventType "k.o."]

1. d4 d5 2. c4 e6 3. Nc3 Nf6 4. cxd5 exd5 5. Bg5 c6 6. e3 Be7 7. Bd3 Nbd7 8. Qc2
O-O 9. Nge2 Re8 10. O-O Nf8 11. Rad1 b5 12. f3 h6 13. Bh4 Ne6 14. Bf2 Bb7 15. h3
Nh5 16. g4 Nf6 17. Kg2 Rc8 18. Bg3 b4 19. Na4 c5 20. dxc5 Nxc5 21. Bf5 Ne6 22.
Qd2 Qd7 23. b3 g6 24. Bb1 Bc6 25. Nb2 a5 26. Nd3 Bb5 27. Ne5 Qb7 28. Rf2 Kg7 29.
h4 Bc5 30. Nd4 Bxd4 31. exd4 Rc3 32. Rh1 Qb6 33. Rd1 a4 34. f4 Ne4 35. Bxe4 dxe4
36. Re1 Nxd4 37. bxa4 Ba6 38. f5 Nf3 39. Nxf3 exf3+ 40. Kh2 Rxe1 41. Qxe1 Re3
42. Qa1+ Kg8 43. fxg6 fxg6 44. Qd1 Bb7 45. Qd7 Qc6 46. Qd8+ Re8 47. Qd3 Re2 48.
Qb3+ Qe6 49. Rxe2 Qxb3 50. axb3 fxe2 51. Be1 Bd5 52. a5 Bxb3 53. Kg3 Bc4 54.
Bxb4 Kf7 55. Kf4 Ke6 56. Ke4 h5 57. g5 Ba6 58. Kd4 Kf5 59. Be1 Kf4 60. Kd5 Kf3
61. Ke5 Kg2 62. Kf6 Kf1 63. Bc3 Bd3 64. a6 Bxa6 65. Kxg6 e1=Q 66. Bxe1 Kxe1 67.
Kxh5 Kf2 68. g6 Kf3 69. g7 Bc4 70. Kg5 Ke4 71. h5 Ke5 72. h6 Bg8 73. Kg6 Ke6 74.
h7 1-0

[Event "American Cup Champ w"]
[Site "Saint Louis USA"]
[Date "2022.04.21"]
[Round "1.3"]
[White "Abrahamyan, Tatev"]
[Black "Zatonskih, Anna"]
[Result "1-0"]
[WhiteTitle "WGM"]
[BlackTitle "IM"]
[WhiteElo "2311"]
[BlackElo "2393"]
[WhiteFideId "13301918"]
[BlackFideId "14101572"]
[EventDate "2022.04.20"]
[EventType "k.o."]

1. e4 e5 2. Nf3 Nf6 3. d4 Nxe4 4. Bd3 d5 5. Nxe5 Nd7 6. Nc3 Nxc3 7. bxc3 Bd6 8.
O-O O-O 9. Re1 c5 10. Qf3 c4 11. Bf5 Nxe5 12. dxe5 Bc5 13. Bxc8 Rxc8 14. Be3 Re8
15. Bxc5 Rxc5 16. Rad1 Ra5 17. h3 Qd7 18. Rd4 Qe6 19. Re2 h6 20. Qe3 Rxa2 21. f4
Ra5 22. Qf3 f5 23. Red2 Rd8 24. Rxc4 Qb6+ 25. Rcd4 Rc5 26. Kh2 Qc6 27. Qd3 Rf8
28. Rxd5 Rxc3 29. Qe2 Rxc2 30. Rd6 Rxd2 31. Qxd2 Qe4 32. Rd4 Qc6 33. Qa2+ Kh7
34. Qxa7 Rc8 35. Rb4 Rc7 36. Qe3 Qc2 37. e6 Rc3 38. Qe5 Rc5 39. Qd6 Rc6 40. Qd5
Qe2 41. Qxf5+ Kh8 1-0

[Event "American Cup Champ w"]
[Site "Saint Louis USA"]
[Date "2022.04.21"]
[Round "1.4"]
[White "Tsolakidou, Stavroula"]
[Black "Lee, Alice"]
[Result "0-1"]
[WhiteTitle "IM"]
[BlackTitle "FM"]
[WhiteElo "2359"]
[BlackElo "2334"]
[WhiteFideId "4264312"]
[BlackFideId "30941822"]
[EventDate "2022.04.20"]
[EventType "k.o."]

1. d4 d5 2. c4 dxc4 3. e4 b5 4. a4 c6 5. Nc3 a6 6. axb5 cxb5 7. Nxb5 axb5 8.
Rxa8 Bb7 9. Ra1 e6 10. Ne2 Bxe4 11. Nc3 Bc6 12. Be2 Nf6 13. O-O Be7 14. Bf3 Nd5
15. Re1 O-O 16. Ne4 Nd7 17. Bd2 N7f6 18. Ba5 Qc8 19. Nc5 Nd7 20. Ne4 N7f6 21.
Nc3 Qb7 22. Ne2 b4 23. Qc2 Bb5 24. Nf4 Qd7 25. Nxd5 Nxd5 26. Qd2 Rb8 27. Bxd5
Qxd5 28. Re5 Qd6 29. Rc5 Qa6 30. Re5 Bc6 31. Ree1 Qb7 32. f3 Bd5 33. Qf4 Rc8 34.
Rec1 Qc6 35. Qd2 Qb5 36. Qf4 Qc6 37. h4 Bd6 38. Qg5 h6 39. Qd2 Qb5 40. b3 c3 41.
Qf2 Ra8 42. Qf1 Rxa5 0-1

[Event "American Cup Champ w"]
[Site "Saint Louis USA"]
[Date "2022.04.21"]
[Round "1.4"]
[White "Zatonskih, Anna"]
[Black "Abrahamyan, Tatev"]
[Result "0-1"]
[WhiteTitle "IM"]
[BlackTitle "WGM"]
[WhiteElo "2393"]
[BlackElo "2311"]
[WhiteFideId "14101572"]
[BlackFideId "13301918"]
[EventDate "2022.04.20"]
[EventType "k.o."]

1. d4 Nf6 2. Nf3 e6 3. e3 c5 4. c4 cxd4 5. exd4 d5 6. cxd5 exd5 7. Bd3 Bd6 8.
O-O O-O 9. Nc3 h6 10. h3 Nc6 11. Be3 Re8 12. a3 Be6 13. Rc1 Qd7 14. Na4 Bf5 15.
Bb5 Rac8 16. Ne5 Bxe5 17. dxe5 Ne4 18. g4 Bh7 19. Bxa7 Qe7 20. Qxd5 Red8 21. Qb3
Nxa7 22. Rxc8 Rxc8 23. Nb6 Rd8 24. Nd5 Qxe5 25. Bc4 Nd2 26. Qb6 Nc6 27. f4 Qd6 0-1

[Event "American Cup Champ w"]
[Site "Saint Louis USA"]
[Date "2022.04.22"]
[Round "2.1"]
[White "Lee, Alice"]
[Black "Abrahamyan, Tatev"]
[Result "1-0"]
[WhiteTitle "FM"]
[BlackTitle "WGM"]
[WhiteElo "2334"]
[BlackElo "2311"]
[WhiteFideId "30941822"]
[BlackFideId "13301918"]
[EventDate "2022.04.20"]

1. d4 Nf6 2. c4 e6 3. Nf3 d5 4. e3 a6 5. b3 c5 6. cxd5 Nxd5 7. Be2 cxd4 8. Nxd4
Bb4+ 9. Bd2 Bxd2+ 10. Qxd2 O-O 11. Bf3 Nf6 12. O-O e5 13. Nc2 e4 14. Be2 Nc6 15.
h3 Qe7 16. Nd4 Nxd4 17. Qxd4 Rd8 18. Qb2 Rd5 19. Rd1 Rg5 20. Kh2 Rg6 21. Qd4 Bf5
22. Nc3 Re8 23. Rac1 Qc7+ 24. Kh1 Bxh3 25. gxh3 Qc8 26. Bf1 Qf5 27. Bg2 Qxf2 28.
Rd2 Qh4 29. Nd5 Nh5 30. Nf4 Rc6 31. Rxc6 Ng3+ 32. Kg1 bxc6 33. Qd7 Rf8 34. Qg4 1-0

[Event "American Cup Champ w"]
[Site "Saint Louis USA"]
[Date "2022.04.23"]
[Round "2.2"]
[White "Abrahamyan, Tatev"]
[Black "Lee, Alice"]
[Result "0-1"]
[WhiteTitle "WGM"]
[BlackTitle "FM"]
[WhiteElo "2311"]
[BlackElo "2334"]
[WhiteFideId "13301918"]
[BlackFideId "30941822"]
[EventDate "2022.04.20"]
[EventType "k.o."]

1. e4 c5 2. Nf3 Nc6 3. d4 cxd4 4. Nxd4 Nf6 5. Nc3 e5 6. Ndb5 d6 7. Bg5 a6 8. Na3
b5 9. Nd5 Be7 10. Bxf6 Bxf6 11. c4 b4 12. Nc2 O-O 13. Qf3 Bg5 14. h4 Bh6 15. g4
f6 16. Rg1 Qa5 17. b3 Qc5 18. Be2 Ra7 19. Qg3 g6 20. Rd1 Be6 21. Rh1 Nd4 22.
Nxd4 exd4 23. Nxf6+ Rxf6 24. g5 Bxg5 25. hxg5 Rf8 26. f4 Re7 27. Rh4 Bd7 28. Qh2
Bc6 29. f5 Rxe4 30. fxg6 Rxe2+ 31. Kxe2 Bf3+ 32. Ke1 Re8+ 33. Kd2 Re2+ 34. Qxe2
Qxg5+ 0-1